00968cam a2200265 a 450000100060000000300080000600500170001400800390003102000220007003500190009204000320011104100080014308200220015110000510017324500910022425000120031526000480032730000320037550400460040765000360045370000350048994200120052499900170053695201490055311860BD-RjUL20211208235208.0140127s1982 iaua b s001 0 eng a0813802016 (pbk.) a(BD-RjUL)11909 aDLCcDLCdDLCdBD-RjULbeng aeng00a574.0221219bDOB1 aDowney, John C.q(John Charles),d1926-93673410aBiological illustration :btechniques and exercises /cJohn C. Downey, James L. Kelly. a1st ed. aAmes :bIowa State University Press,c1982. ax, 126 p. :bill. ;c23 cm. aIncludes Bibliography: p. 123. and index. 0aBiological illustration.9367351 aKelly, James L.,d1942-936736 2ddccBK c11860d11860 00102ddc40718NFICaRUCLbRUCLcReadingd1985-07-17eTappen and Tupling11.75l0o574.0221 DOB 1982r2014-01-27 00:00:00tC-1w2014-01-27yBK